Mahnama tarjuman ul Quran/ (Record no. 98780)
[ view plain ]
| 000 -LEADER | |
|---|---|
| fixed length control field | 00420nam a22001457a 4500 |
| 005 - DATE AND TIME OF LATEST TRANSACTION | |
| control field | 20260430120533.0 |
| 008 - FIXED-LENGTH DATA ELEMENTS--GENERAL INFORMATION | |
| fixed length control field | 171004b xxu||||| |||| 00| 0 eng d |
| 040 ## - CATALOGING SOURCE | |
| Transcribing agency | PK-LaUMT |
| 082 ## - DEWEY DECIMAL CLASSIFICATION NUMBER | |
| Classification number | ZIAC 297.05 |
| Item number | ABU-M |
| 100 1# - MAIN ENTRY--PERSONAL NAME | |
| Personal name | Maududi, Syed Abul Ala |
| 245 ## - TITLE STATEMENT | |
| Title | Mahnama tarjuman ul Quran/ |
| Statement of responsibility, etc | Abul Ala Maududi |
| 260 ## - PUBLICATION, DISTRIBUTION, ETC. (IMPRINT) | |
| Place of publication, distribution, etc | لاہور: |
| Name of publisher, distributor, etc | ادارہ ترجمان القرآن، |
| Date of publication, distribution, etc | 2003 |
| 300 ## - PHYSICAL DESCRIPTION | |
| Extent | 108 ص |
| 942 ## - ADDED ENTRY ELEMENTS (KOHA) | |
| Koha item type | Books |
| Withdrawn status | Lost status | Damaged status | Home library | Current library | Date acquired | Full call number | Barcode | Date last seen | Price effective from | Koha item type |
|---|---|---|---|---|---|---|---|---|---|---|
| UMT Main Campus | UMT Main Campus | 2017-10-04 | ZIAC 297.05 ABU-M | 114517 | 2017-10-04 | 2017-10-04 | Books |
